Markets (Record no. 82139)
[ view plain ]
| 000 -LEADER | |
|---|---|
| fixed length control field | 01217cab a22002175a 4500 |
| 001 - CONTROL NUMBER | |
| control field | L149336 |
| 008 - FIXED-LENGTH DATA ELEMENTS--GENERAL INFORMATION | |
| fixed length control field | 100222e2010 xxk 000 0 eng d |
| 035 ## - SYSTEM CONTROL NUMBER | |
| System control number | (Sirsi) u149336 |
| 041 0# - LANGUAGE CODE | |
| Language code of text/sound track or separate title | eng |
| 100 1# - MAIN ENTRY--PERSONAL NAME | |
| Personal name | Shepherd, Mark |
| 245 00 - TITLE STATEMENT | |
| Title | Markets |
| Remainder of title | West End |
| 260 ## - PUBLICATION, DISTRIBUTION, ETC. | |
| Date of publication, distribution, etc. | 2010 |
| 490 ## - SERIES STATEMENT | |
| Series statement | Property Week |
| Volume/sequential designation | 12 February 2010, 41-48(6) |
| 520 ## - SUMMARY, ETC. | |
| Summary, etc. | The Crown Estate, Cadogan, Grosvenor and Howard De Walden, London's elite property companies air their recession survival strategies and future plans. Central London development has been boosted by Great Portland Estates' work on Marcol House and the Crown Estate's planned £200m on Regent Street. Speculative development shortages are appearing in West End. British Land's Regent's Place is seeking major tenants such as Shell or Gazprom. Derwent London could soon challenge overseas investors in the Central London Market. Recently formed H2SO agency is making inroads into the West End consultancy market. Property owners are to vote on extending the New West End Company. |
| 590 ## - LOCAL NOTE (RLIN) | |
| Local note | KA |
| 651 #4 - SUBJECT ADDED ENTRY--GEOGRAPHIC NAME | |
| Geographic name | London |
| 690 ## - LOCAL SUBJECT ADDED ENTRY--TOPICAL TERM (OCLC, RLIN) | |
| Topical term or geographic name as entry element | PROPERTY-COMMERCIAL PROPERTY-COMMERCIAL PROPERTY MARKET |
| 700 1# - ADDED ENTRY--PERSONAL NAME | |
| Personal name | Rigby, Jennifer |
| 700 1# - ADDED ENTRY--PERSONAL NAME | |
| Personal name | Courtauld, Toby |
| 942 ## - ADDED ENTRY ELEMENTS (KOHA) | |
| Suppress in OPAC | 0 |
| Withdrawn status | Lost status | Source of classification or shelving scheme | Damaged status | Not for loan | Home library | Current library | Shelving location | Date acquired | Total Checkouts | Full call number | Barcode | Date last seen | Copy number | Price effective from | Koha item type |
|---|---|---|---|---|---|---|---|---|---|---|---|---|---|---|---|
| Dewey Decimal Classification | London | London | Journal article | 22/02/2010 | L149336 | 149336-1001 | 06/08/2019 | 1 | 06/08/2019 | Journal article |